| 000 -LEADER |
| fixed length control field |
01175nam a2200253Ia 4500 |
| 001 - CONTROL NUMBER |
| control field |
16265 |
| 003 - CONTROL NUMBER IDENTIFIER |
| control field |
GE_BSU |
| 008 - FIXED-LENGTH DATA ELEMENTS--GENERAL INFORMATION |
| fixed length control field |
181216s||||||||xx |||||||||||||| ||und|| |
| 020 ## - INTERNATIONAL STANDARD BOOK NUMBER |
| International Standard Book Number |
ISBN 99928-32-64-9 |
| 040 ## - CATALOGING SOURCE |
| Transcribing agency |
GE_BSU |
| 080 ## - UNIVERSAL DECIMAL CLASSIFICATION NUMBER |
| Universal Decimal Classification number |
342.9(479.22)(076.5) |
| 100 ## - MAIN ENTRY--PERSONAL NAME |
| Personal name |
სალხინაშვილი, მაკა |
| 245 ## - TITLE STATEMENT |
| Title |
პრაქტიკუმი საქართველოს ადმინისტრაციულ სამართალსა და ადმინისტრაციულ საპროცესო სამართალში |
| 245 ## - TITLE STATEMENT |
| Statement of responsibility, etc. |
რედ.: ვალერი ლორია |
| 260 ## - PUBLICATION, DISTRIBUTION, ETC. |
| Place of publication, distribution, etc. |
თბილისი |
| 260 ## - PUBLICATION, DISTRIBUTION, ETC. |
| Name of publisher, distributor, etc. |
მერიდიანი |
| 260 ## - PUBLICATION, DISTRIBUTION, ETC. |
| Date of publication, distribution, etc. |
2003 |
| 300 ## - PHYSICAL DESCRIPTION |
| Extent |
320გვ. ; 20სმ |
| 300 ## - PHYSICAL DESCRIPTION |
| Other physical details |
სქემები:გვ.275-320 |
| 653 ## - INDEX TERM--UNCONTROLLED |
| Uncontrolled term |
სამართალი |
| 653 ## - INDEX TERM--UNCONTROLLED |
| Uncontrolled term |
საქართველოს ადმინისტრაციული სამართალი; საქართველოს ადმინისტრაციული საპროცესო სამართალი; |
| 942 ## - ADDED ENTRY ELEMENTS (KOHA) |
| Koha item type |
წიგნი |